Learning Resource and Development

Values education / (Record no. 31226)

MARC details
000 -LEADER
fixed length control field 01120nam a2200289 i 4500
003 - CONTROL NUMBER IDENTIFIER
control field CSPC
005 - DATE AND TIME OF LATEST TRANSACTION
control field 20251212135256.0
008 - FIXED-LENGTH DATA ELEMENTS--GENERAL INFORMATION
fixed length control field 251212s2024 xxua b 001 0 eng d
020 ## - INTERNATIONAL STANDARD BOOK NUMBER
International Standard Book Number 9798891611719
040 ## - CATALOGING SOURCE
Original cataloging agency CSPC
Language of cataloging eng
Transcribing agency CSPC
Description conventions rda
082 04 - DEWEY DECIMAL CLASSIFICATION NUMBER
Classification number 170
Item number H314v
100 1# - MAIN ENTRY--PERSONAL NAME
Personal name Hawkins, Sterling,
Relator term author.
245 00 - TITLE STATEMENT
Title Values education /
Statement of responsibility, etc. Sterling Hawkins.
264 #1 - PRODUCTION, PUBLICATION, DISTRIBUTION, MANUFACTURE, AND COPYRIGHT NOTICE
Place of production, publication, distribution, manufacture Jersey City, USA :
Name of producer, publisher, distributor, manufacturer Alexis Press,
Date of production, publication, distribution, manufacture, or copyright notice 2024.
300 ## - PHYSICAL DESCRIPTION
Extent 249 pages :
Other physical details illustrations ;
Dimensions 23 cm.
336 ## - CONTENT TYPE
Source rdacontent
Content type term text
337 ## - MEDIA TYPE
Source rdamedia
Media type term unmediated
338 ## - CARRIER TYPE
Source rdacarrier
Carrier type term volume
504 ## - BIBLIOGRAPHY, ETC. NOTE
Bibliography, etc. note Includes bibliographical references and index.
505 0# - FORMATTED CONTENTS NOTE
Formatted contents note Values education: an overview -- Moral development -- Fostering value education -- Human rights education -- Peace education.
650 10 - SUBJECT ADDED ENTRY--TOPICAL TERM
Topical term or geographic name entry element Education
General subdivision Philosophy & theory.
650 10 - SUBJECT ADDED ENTRY--TOPICAL TERM
Topical term or geographic name entry element Moral education/ Ethics in education
650 10 - SUBJECT ADDED ENTRY--TOPICAL TERM
Topical term or geographic name entry element Character education.
650 10 - SUBJECT ADDED ENTRY--TOPICAL TERM
Topical term or geographic name entry element Values and ethics.
942 ## - ADDED ENTRY ELEMENTS (KOHA)
Source of classification or shelving scheme Dewey Decimal Classification
Suppress in OPAC No
Koha item type Books
Classification part 170
Item part H314v
Call number prefix CIR
Call number suffix 2024
Holdings
Withdrawn status Lost status Source of classification or shelving scheme Damaged status Not for loan Home library Current library Shelving location Date acquired Total Checkouts Full call number Barcode Date last seen Copy number Price effective from Koha item type
    Dewey Decimal Classification     CAMPUS CSPC CAMPUS CSPC Circulation Section 10/28/2025   CIR 170 H314v 2024 001836-BUH 12/12/2025 1-1 10/28/2025 Books